| 000 | 00750cam a2200253 i 4500 | ||
|---|---|---|---|
| 999 |
_c5647 _d5647 |
||
| 001 | 2206278 | ||
| 003 | GBCCL | ||
| 005 | 20241126110546.0 | ||
| 008 | 750306s1975 nyu b 000 0 eng | ||
| 010 | _a 74027461 | ||
| 020 |
_a0809118610 : _c$1.45 |
||
| 040 |
_aDLC _cDLC _dDLC |
||
| 050 | 0 | 0 |
_aBT590.W6 _bW33 |
| 082 | 0 | 0 |
_a226.082 _bWAH |
| 100 | 1 |
_aWahlberg, Rachel Conrad. _910194 |
|
| 245 | 1 | 0 |
_aJesus according to a woman / _cby Rachel Conrad Wahlberg. |
| 260 |
_aNew York : _bPaulist Press, _c[1975] |
||
| 300 |
_a106 p. ; _c18 cm. |
||
| 490 | 0 | _aPaulist Press/Deus book | |
| 504 | _aBibliography: p. 104-106. | ||
| 600 | 0 | 0 |
_aJesus Christ _xViews on women. _98854 |
| 906 |
_a7 _bcbc _corignew _d2 _eocip _f19 _gy-gencatlg |
||
| 942 |
_2ddc _cBK _01 |
||